Statistics for Miami Heat Trivia

Click here to take the quiz!

General Stats

  • This quiz has been taken 2,955 times
    (2,486 since last reset)
  • The average score is 12 of 14

Answer Stats

HintAnswer% Correct
Player who left the Cavs to join the Heat in 2010Lebron James
100%
All-time leading scorerDwyane Wade
97%
What Edrice Femi Adebayo is better known as{Bam} Adebayo
91%
Player who has led the Heat in scoring each of the last 5 seasonsJimmy Butler
91%
Power forward / center who played for the Heat from 2010–2016Chris Bosh
90%
Name an NBA team, other than the Heat, whose name doesn't end with SThunder | Jazz | Magic
90%
Center who helped the team win its first NBA Championship in 2006Shaquille O'Neal
87%
Player who retired in 2023 after twenty seasons with the teamUdonis Haslem
84%
What the above player said on that occasionI'm taking my talents
to {South} {Beach}
83%
This player is definitely not a villain, and he scored more than 20 points per game
in each of the last three seasons
Tyler Herro
76%
Head coach of the Heat since 2008Erik Spoelstra
75%
Former player nicknamed "Zo"Alonzo Mourning
67%
Type of dinosaur that the above is said to resembleVelociraptor
67%
Team president of the Heat since 1995Pat Riley
65%

Score Distribution

Percentile by Number Answered

Percent of People with Each Score

Your Score History

You have not taken this quiz since the last reset